00145nam a2200073 4500082001600000245003700016260000900053300000900062 a540.092 PRO aProfessor E.R.Jansz Felicitation c2007 a49 p